Fundamentals of mechanical vibrations / (Record no. 812)

MARC details
000 -LEADER
fixed length control field 01072nac a2200325 i 4500
003 - CONTROL NUMBER IDENTIFIER
control field EG-ScBUE
005 - DATE AND TIME OF LATEST TRANSACTION
control field 20250525083138.0
006 - FIXED-LENGTH DATA ELEMENTS--ADDITIONAL MATERIAL CHARACTERISTICS--GENERAL INFORMATION
fixed length control field m||||fq||z| 00| 0
008 - FIXED-LENGTH DATA ELEMENTS--GENERAL INFORMATION
fixed length control field 100906s2000 maua f b 001 0 eng d
020 ## - INTERNATIONAL STANDARD BOOK NUMBER
International Standard Book Number 0071163255
020 ## - INTERNATIONAL STANDARD BOOK NUMBER
International Standard Book Number 9780071163255
040 ## - CATALOGING SOURCE
Original cataloging agency EG-ScBUE
Language of cataloging eng
Description conventions rda
Transcribing agency EG-ScBUE
Modifying agency EG-ScBUE
082 04 - DEWEY DECIMAL CLASSIFICATION NUMBER
Classification number 531.32
Item number KEL
Edition number 22
100 1# - MAIN ENTRY--PERSONAL NAME
Personal name Kelly, S. Graham,
9 (RLIN) 18370
Relator term author.
245 10 - TITLE STATEMENT
Title Fundamentals of mechanical vibrations /
Statement of responsibility, etc S. Graham Kelly, the University of Akron.
250 ## - EDITION STATEMENT
Edition statement Second edition.
250 ## - EDITION STATEMENT
Edition statement International edition.
264 #1 - PUBLICATION, DISTRIBUTION, ETC. (IMPRINT)
Place of publication, distribution, etc Boston, Massachusetts :
Name of publisher, distributor, etc McGraw-Hill,
Date of publication, distribution, etc 2000.
300 ## - PHYSICAL DESCRIPTION
Extent xi, 629 pages :
Other physical details illustrations ;
Dimensions 24 cm +
Accompanying material 1 CD
336 ## - CONTENT TYPE
Source rdacontent
Content type term text
Content type code txt
336 ## - CONTENT TYPE
Source rdacontent
Content type term sounds
Content type code snd
337 ## - MEDIA TYPE
Media type term unmediated
Source rdamedia
Media type code n
337 ## - MEDIA TYPE
Media type term audio
Source rdamedia
Media type code s
338 ## - CARRIER TYPE
Carrier type term volume
Carrier type code nc
Source rdacarrier
338 ## - CARRIER TYPE
Carrier type term computer disc
Carrier type code cd
Source rdacarrier
504 ## - BIBLIOGRAPHY, ETC. NOTE
Bibliography, etc Includes bibliographical references and index.<br/>
650 #7 - SUBJECT ADDED ENTRY--TOPICAL TERM
Topical term or geographic name as entry element Vibration.
9 (RLIN) 18371
Source of heading or term BUEsh
655 ## - INDEX TERM--GENRE/FORM
Form subdivision Reading book
942 ## - ADDED ENTRY ELEMENTS (KOHA)
Koha item type Book - Borrowing
Source of classification or shelving scheme Dewey Decimal Classification
Holdings
Withdrawn status Lost status Source of classification or shelving scheme Damaged status Not for loan Collection code Home library Current library Shelving location Date acquired Cost, normal purchase price Total Checkouts Total Renewals Full call number Barcode Date last seen Date checked out Cost, replacement price Price effective from Koha item type Source of acquisition
    Dewey Decimal Classification     Baccah Central Library Central Library First floor 30/07/2006 200.00 5 11 531.32 KEL 000003745 15/07/2025 17/10/2019 250.00 30/07/2006 Book - Borrowing  
    Dewey Decimal Classification       Central Library Central Library First floor 31/03/2009 200.00     531.32 KEL 000015496 24/08/2022   250.00 31/03/2009 CD | DVD - With book (NB)